Normal view
MARC view
Entry Topical Term
001 - CONTROL NUMBER
- control field: 30266
003 - CONTROL NUMBER IDENTIFIER
- control field: OSt
005 - DATE AND TIME OF LATEST TRANSACTION
- control field: 20220302113253.0
008 - FIXED-LENGTH DATA ELEMENTS
- fixed length control field: 220302|| aca||aabn | a|a d
040 ## - CATALOGING SOURCE
- Original cataloging agency: OSt
- Transcribing agency: OSt
150 ## - HEADING--TOPICAL TERM
- Topical term or geographic name entry element: Housing instability, Housing assistance recipients, Housing assistance leavers, The panel study of income dynamics, Affordable housing policies
670 ## - SOURCE DATA FOUND
- Source citation: Work cat.: (OSt): Kang, Seungbeom 30265, To whom do housing policies provide stable housing? Examining housing assistance recipients and leavers
